Countries Most Culturally Close to Greece - Statistics

General Stats
  • This quiz has been taken 61 times
  • The average score is 11 of 15
Answer Stats
Hint Answer % Correct
Pizza Italy
96%
Speaks same language Cyprus
94%
Used to Turkey
92%
Bad relationship North Macedonia
89%
Eagle Albania
85%
Good relationship Bulgaria
85%
Really small Malta
83%
Balkan brothers Serbia
83%
Sleepy Montenegro
70%
Not Italy Spain
70%
War Israel
58%
Separated by the second one Armenia
55%
2004 Portugal
55%
Has more than one religion Lebanon
51%
Civil war Syria
51%
No matching quizzes found
Score Distribution
Percent of People with Each Score
Percentile by Number Answered
Your Score History
You have not taken this quiz